Normal view MARC view
  • DAVID,SEIDENSTAT PAUL

Entry Personal Name

Number of records used in: 1

001 - CONTROL NUMBER

  • control field: 90499

003 - CONTROL NUMBER IDENTIFIER

  • control field: NUST

005 - DATE AND TIME OF LATEST TRANSACTION

  • control field: 20220308131330.0

008 - FIXED-LENGTH DATA ELEMENTS

  • fixed length control field: 220308|| aca||aabn | a|a d

040 ## - CATALOGING SOURCE

  • Original cataloging agency: NUST
  • Transcribing agency: NUST

100 ## - HEADING--PERSONAL NAME

  • Personal name: DAVID,SEIDENSTAT PAUL

670 ## - SOURCE DATA FOUND

  • Source citation: Work cat.: (NUST): DAVID,SEIDENSTAT PAUL., REINVENTING WATER AND WASTE WATER SYSTEMS /, 2002.
© 2023 Central Library, National University of Sciences and Technology. All Rights Reserved.